000 00291nam a2200121Ia 4500
999 _c9143
_d9143
020 _a0-07-114849-3
082 _a658.3005
100 _aWilliam B. Werther
245 0 _aHuman Resources and Personnel Management
260 _aNew Delhi
_bBantam Books Inc
_c1994
300 _a782
942 _cBK